| 000 | 00438nam a2200121Ia 4500 | ||
|---|---|---|---|
| 008 | 220620s9999||||xx |||||||||||||| ||und|| | ||
| 100 | _aRosario Pignatello | ||
| 245 | 0 | _aBiomaterials - Physics and Chemistry | |
| 546 | _aEnglish[eng] | ||
| 650 | _aBiotechnology||Physical Sciences||Engineering and Technology||Materials Science||Biomaterials | ||
| 856 | _uhttps://www.intechopen.com/books/biomaterials-physics-and-chemistry | ||
| 942 | _cEB | ||
| 999 |
_c33719 _d33719 |
||